• 首页
  • 本馆介绍
  • 公告通知
  • 最新文献
  • 馆藏检索
  • 电子资源
  • 读者导购
  • 参考咨询
  • 我的图书馆
  • 登录
  • 详细信息显示
  • 放入我的书架
  • 预约/预借图书
  • 作者相关作品
  • 分类相关作品
  • 丛书相关作品
  • 出版社相关作品

书目信息

  • 表格格式
  • 工作单格式
  • 卡片格式
题名:
社会主义经济规律体系与基本经济规律
    
 
作者: 斯米尔诺夫 主编 ;伍柏麟 , 马文奇 , 方崇桂 译
分册:  
出版信息: 南京   江苏人民出版社  1981
页数: 296页
开本: 19cm
丛书名:
单 册:
中图分类: F043
科图分类:
主题词: 社会主义社会--生产方式
电子资源:
ISBN:
000 00774nam0 2200241 45
001 0304140936
005 20040421104614.6
010    @dCNY0.67
091    @a4100.011
100    @a20030414d1981 km y0chiy0120 ea
101 0  @arus
105    @a z 000yy
200 1  @a社会主义经济规律体系与基本经济规律@AShe Hui Zhu Yi Jing Ji Gui Lu Ti Xi Yu Ji Ben Jing Ji Gui Lu@f(苏)斯米尔诺夫主编@F(Su)Si Mi Er Nuo Fu Zhu Bian@g伍柏麟,马文奇,方崇桂译
210    @a南京@c江苏人民出版社@d1981
215    @a296页@d19cm
606 0  @a社会主义社会@x生产方式
690    @aF043@v3
701  0 @a斯米尔诺夫@4主编
702  0 @a伍柏麟@AWu Bai Lin@4译
702  0 @a马文奇@AMa Wen Qi@4译
702  0 @a方崇桂@AFang Chong Gui@4译
801    @aCN@bTSTC@c20030414
905    @dF043@e14@f1@b41991
    
    社会主义经济规律体系与基本经济规律/(苏)斯米尔诺夫主编/伍柏麟,马文奇,方崇桂译.-南京:江苏人民出版社,1981
    296页;19cm
    
    
    ISBN :CNY0.67
    
●
相关链接 在E读中查询图书 在五车中查询图书 在当当中查询图书 在豆瓣中查询图书


正题名:社会主义经济规律体系与基本经济规律     索取号:F043/14         预约/预借

序号 登录号 条形码 馆藏地/架位号 状态 备注
1 0041990   001791653   密集书库/ [索取号:F043/14] 在馆    
2 0041991   001271144   第一借阅区/ [索取号:F043/14] 在馆    
3 0041992   001271117   第一样本阅览室/ [索取号:F043/14] 在馆    
唐山师范学院图书馆 欢迎您!
大连网信软件有限公司© 版权所有